书目信息 |
| 题名: |
女性主义
|
|
| 作者: | 李银河 著 | |
| 分册: | ||
| 出版信息: | 南京 江苏凤凰文艺出版社 2021 |
|
| 页数: | 295页 | |
| 开本: | 21cm | |
| 丛书名: | ||
| 单 册: | ||
| 中图分类: | D440 | |
| 科图分类: | ||
| 主题词: | 女权运动--文集 | |
| 电子资源: | ||
| ISBN: | 978-7-5594-6015-8 | |
| 000 | 01240nam0 2200253 450 | |
| 001 | 012024000278 | |
| 005 | 20240924225236.0 | |
| 010 | @a978-7-5594-6015-8@dCNY55.00 | |
| 100 | @a20240924d2021 em y0chiy50 ea | |
| 101 | 0 | @achi |
| 102 | @aCN@b320000 | |
| 105 | @ak az 000yy | |
| 106 | @ar | |
| 200 | 1 | @a女性主义@Anu xing zhu yi@f李银河著 |
| 210 | @a南京@c江苏凤凰文艺出版社@d2021 | |
| 215 | @a295页@d21cm | |
| 314 | @a李银河,社会学家,美国匹兹堡大学社会学博士,中国社会科学院社会学所研究员、教授。主要研究领域为家庭婚姻、性别与性。业余写作小说、随笔和诗。曾被《亚洲周刊》评为“中国拥有影响力的五十人”之一。 | |
| 320 | @a有书目(第282-295页) | |
| 330 | @a《女性主义》是李银河40年女性主义研究精华,作品兼具学术性和可读性,是中国女性主义研究的代表性作品。女性主义的理论千头万绪,归根结底就是一句话:在全人类实现男女平等。李银河在这本《女性主义》中,对女性主义理论、女性主义运动、女性主义流派、女性主义论争和女性主义之后的思潮进行了条分缕析的梳理。如果想要了解女性主义却不知道从何着手,李银河老师这本书可以帮助读者建构一个坚实的理论框架。 | |
| 606 | 0 | @a女权运动@j文集 |
| 690 | @aD440@v5 | |
| 701 | 0 | @a李银河@ALI YIN HE@4著 |
| 801 | 0 | @aCN@bAHXH@c20240924 |
| 905 | @b214140687@b214140696@b214140703@b214140712@b214140721@dD440@e44@f5 | |
| 女性主义/李银河著.-南京:江苏凤凰文艺出版社,2021 |
| 295页;21cm |
| ISBN 978-7-5594-6015-8:CNY55.00 |
| 《女性主义》是李银河40年女性主义研究精华,作品兼具学术性和可读性,是中国女性主义研究的代表性作品。女性主义的理论千头万绪,归根结底就是一句话:在全人类实现男女平等。李银河在这本《女性主义》中,对女性主义理论、女性主义运动、女性主义流派、女性主义论争和女性主义之后的思潮进行了条分缕析的梳理。如果想要了解女性主义却不知道从何着手,李银河老师这本书可以帮助读者建构一个坚实的理论框架。 |
| ● |
| 相关链接 |
|
|
|
|
正题名:女性主义
索取号:D440/44
 
预约/预借
| 序号 | 登录号 | 条形码 | 馆藏地/架位号 | 状态 | 备注 |
| 1 | 1414068 | 214140687 | 第一样本阅览室/ [索取号:D440/44] | 在馆 | |
| 2 | 1414069 | 214140696 | 第一借阅区/ [索取号:D440/44] | 在馆 | |
| 3 | 1414070 | 214140703 | 第一借阅区/ [索取号:D440/44] | 在馆 | |
| 4 | 1414071 | 214140712 | 第一借阅区/ [索取号:D440/44] | 在馆 | |
| 5 | 1414072 | 214140721 | 第一借阅区/ [索取号:D440/44] | 在馆 |